| 000 | 00468nam a2200205Ia 4500 | ||
|---|---|---|---|
| 001 | 12292 | ||
| 003 | GE_BSU | ||
| 008 | 181216s||||||||xx |||||||||||||| ||und|| | ||
| 020 | _a9780140620450 | ||
| 040 | _cGE_BSU | ||
| 080 | _a821.111-31.4 | ||
| 100 | _aCooper, James Fenimore | ||
| 245 | 4 | _aThe Last og the mohicans | |
| 260 | _aLondon | ||
| 260 | _bPenguin Books | ||
| 260 | _c1994 | ||
| 300 | _a415p.18cm. | ||
| 653 | _aThe Last og the mohicans | ||
| 942 | _cBK | ||
| 999 |
_c45467 _d45467 |
||